Problemas de psicología y de pedagogía

Uloženo v:
Podrobná bibliografie
Hlavní autor: Decroly, Ovidio (Autor)
Médium: Kniha
Jazyk:španělština
Vydáno: Madrid Francisco Beltrán 1919
Edice:Actualidades Pedagógicas
Témata:
Tagy: Přidat tag
Žádné tagy, Buďte první, kdo vytvoří štítek k tomuto záznamu!

MARC

LEADER 00000nam a2200000 a 4500
001 UCZ8667
003 CL-VaPUC
008 960125e19190000SP |||||||||||||||||spa|d
082 0 4 |a 370.15  |b DEC  |2 21 
100 0 |a Decroly, Ovidio  |e author  |9 354044 
245 1 0 |a Problemas de psicología y de pedagogía 
300 |a 334 p 
942 |c BK 
945 |d 19960125 00:00:00  |a cmena 
260 |a Madrid  |b Francisco Beltrán  |c 1919 
650 0 |a Psicología educacional   |9 307830 
650 0 |a Psicología del niño  |9 307305 
650 0 |a Desarrollo afectivo  |9 334359 
650 7 |a INVESTIGACION PSICOLOGICA  |2 CL-VaPUC  |9 309030 
650 0 |a Orientación profesional   |9 308504 
583 |a last modification  |c 19960125 00:00:00  |k Rodrigo Vera 
490 0 |a Actualidades Pedagógicas 
999 |c 244519  |d 244517 
952 |0 0  |1 0  |4 0  |6 370_150000000000000_DEC_1919  |7 0  |8 P  |9 258605  |a BIBEDU  |b BIBEDU  |c BIBEDU_PB  |d 2019-11-19  |i 1618091  |o 370.15 DEC 1919  |p 1618091  |r 2024-01-25  |w 2019-11-19  |y BK  |k EDU